Investigating the knowledge about health and safety by North Indian migrants working in the UK West Midlands construction industry (Record no. 115590)

MARC details
000 -LEADER
fixed length control field 01736cad a2200265 4500
001 - CONTROL NUMBER
control field L158926
008 - FIXED-LENGTH DATA ELEMENTS--GENERAL INFORMATION
fixed length control field 100215n2013 000 0 eng u
020 ## - INTERNATIONAL STANDARD BOOK NUMBER
International Standard Book Number 9781783210305
035 ## - SYSTEM CONTROL NUMBER
System control number (Sirsi) u158926
041 ## - LANGUAGE CODE
Language code of text/sound track or separate title eng
100 1# - MAIN ENTRY--PERSONAL NAME
Personal name Menghre, Narinder
111 2# - MAIN ENTRY--MEETING NAME
Meeting name or jurisdiction name as entry element Construction and Building Research Conference
Location of meeting IIT Delhi, New Delhi
Date of meeting or treaty signing 10-12 September 2013
245 04 - TITLE STATEMENT
Title Investigating the knowledge about health and safety by North Indian migrants working in the UK West Midlands construction industry
Remainder of title a pilot study
Medium [electronic resource]
260 ## - PUBLICATION, DISTRIBUTION, ETC.
Place of publication, distribution, etc. London
Name of publisher, distributor, etc. RICS
Date of publication, distribution, etc. 2013
490 #0 - SERIES STATEMENT
Series statement COBRA
Volume/sequential designation 2013
520 ## - SUMMARY, ETC.
Summary, etc. A paper presented at the COBRA Conference in New Delhi on 10-12 September 2013. Investigates the West Midland based North-Indian migrants' awareness of issues related to health and safety on a construction site. The study revealed that migrants are employed in both skilled and unskilled jobs. They are often exploited for the fact that they have low English language skills. They have low health and safety knowledge and are paid significantly below the UK National Minimum Wage. This paper highlights to the industry and academia key aspects of safety awareness by immigrant workers in West Midlands.
650 24 - SUBJECT ADDED ENTRY--TOPICAL TERM
Topical term or geographic name entry element CONSTRUCTION AND BUILDING RESEARCH CONFERENCE (COBRA)
650 24 - SUBJECT ADDED ENTRY--TOPICAL TERM
Topical term or geographic name entry element Health and safety
9 (RLIN) 6244
650 24 - SUBJECT ADDED ENTRY--TOPICAL TERM
Topical term or geographic name entry element MIGRATION
651 #4 - SUBJECT ADDED ENTRY--GEOGRAPHIC NAME
Geographic name United Kingdom
Chronological subdivision
690 ## - LOCAL SUBJECT ADDED ENTRY--TOPICAL TERM (OCLC, RLIN)
Topical term or geographic name as entry element Health and safety
9 (RLIN) 6244
700 1# - ADDED ENTRY--PERSONAL NAME
Personal name Suresh, Subashini
Titles and other words associated with a name Dr
856 40 - ELECTRONIC LOCATION AND ACCESS
Uniform Resource Identifier <a href="https://www.rics.org/Global/Paper%2038%20INVESTIGATING%20THE%20KNOWLEDGE%20ABOUT%20HEALTH%20AND%20SAFETY%20BY%20NORTH%20INDIAN%20MIGRANTS.pdf">https://www.rics.org/Global/Paper%2038%20INVESTIGATING%20THE%20KNOWLEDGE%20ABOUT%20HEALTH%20AND%20SAFETY%20BY%20NORTH%20INDIAN%20MIGRANTS.pdf</a>
Public note View this item free of charge at www.rics.org
-- View this item free of charge at www.rics.org
942 ## - ADDED ENTRY ELEMENTS (KOHA)
Suppress in OPAC 0
Holdings
Withdrawn status Lost status Source of classification or shelving scheme Damaged status Not for loan Home library Current library Shelving location Date acquired Total Checkouts Full call number Barcode Date last seen Copy number Price effective from Koha item type
    Dewey Decimal Classification     Virtual Virtual Online 08/10/2015   ONLINE PUBLICATION 158926-2001 06/08/2019 1 06/08/2019 Book